Ever Since New York - Harry Styles (All Lyrics) - Statistics

General Stats
  • This quiz has been taken 29 times
  • The average score is 162 of 179
Answer Stats
Lyrics % Correct
already
100%
do
100%
don't
100%
I
100%
know
100%
me
100%
me,
100%
new
100%
New
100%
oh,
100%
so
100%
something,
100%
something
100%
tell
100%
you
100%
ever
94%
no
94%
since
94%
York
94%
been
88%
before
88%
go
88%
i've
88%
need
88%
nothing,
88%
praying,
88%
praying
88%
empty
82%
just
82%
pretend
82%
the
82%
did
76%
i'm
76%
never
76%
this
76%
to
76%
at
71%
brooklyn
71%
for
71%
for?
71%
it
71%
pool
71%
swimming
71%
talking
71%
there's
71%
understand
71%
what's
71%
choose
65%
from
65%
news
65%
saw
65%
waiting
65%
walls
65%
your
65%
and
59%
antidote
59%
'cause
59%
curse
59%
hurt
59%
insside
59%
must
59%
over,
59%
water
59%
words
59%
almost
53%
enough
47%
had
47%
No matching quizzes found
Score Distribution
Percent of People with Each Score
Percentile by Number Answered
Your Score History
You have not taken this quiz